Представление документа в формате MARC21

Поле Инд. ПП Название Значение
Тип записи a
Библиографический уровень a
001 Контрольный номер RU/IS/BASE/463752382
005 Дата корректировки 20140911121428.3
020 a ISBN 978-5-85759-466-7
040 a Служба первич. каталог. НБ ТвГУ
b Код языка каталог. rus
e Правила каталог. PSBO
041 0_ a Код языка текста rus
100 1_ a Автор Падучева Елена Викторовна
q Полное имя Падучева Е. В.
245 10 a Заглавие Вторичный дейксис и фигура наблюдателя
260 a Место издания Москва
b Издательство Индрик
c Дата издания 2008
440 _0 a Серия Труды по филологии и истории
504 a Библиография Библиогр.: с. 285
520 a Аннотация Семантика многих слов и категорий предполагает говорящего.
653 a Ключевые слова Дейксис
653 1_ a Ключевые слова Вторичный дейксис
653 1_ a Ключевые слова Наблюдатель
653 1_ a Ключевые слова Семантика
653 1_ a Ключевые слова Эгоцентрик
653 1_ a Ключевые слова Речь
653 1_ a Ключевые слова Речевая ситуация
653 1_ a Ключевые слова Эгоцентрическая семантика
653 1_ a Ключевые слова Текст
653 1_ a Ключевые слова Нарратив
653 1_ a Ключевые слова Говорящий
773 08 w Контрольный № источника RU/URGU/BOOKS/113484
t Название источника Miscellanea Slavica
d Место и дата издания Москва : Индрик, 2008
g Прочая информация С. 273-285
901 t Тип документа a
920 a Оператор Нови